Vista normal
Vista MARC
Entrada Nombre corporativo
Número de registros utilizados en: 10
001 - NÚMERO DE CONTROL
- Campo de control: 39727
003 - IDENTIFICADOR DE NÚMERO DE CONTROL
- Campo de control: ES-MaCES
005 - FECHA Y HORA DE LA ULTIMA MODIFICACION
- Campo de control: 20200820142640.0
008 - ELEMENTOS DE DATOS DE LONGITUD FIJA
- Campo de longitud fija: 200820|| azz||aabn | a|a d
040 ## - FUENTE DE LA CATALOGACIÓN
- Agencia original de catalogación: ES-MaCES
110 2# - ENCABEZAMIENTO--NOMBRE CORPORATIVO
- Nombre corporativo o de jurisdicción como elemento de entrada: Uber (Firma)
670 ## - FUENTE DE DATOS ENCONTRADOS
- Fuente de citación: Rebiun

